000 00402nam a2200157Ia 4500
008 230524s9999 xx 000 0 und d
082 _a621.38
_bDHO
100 _aP.S.Dhogal
245 0 _aBasic Electrical Engineering Vol-I (With Numerical Problems)
250 _a1ST
260 _aNEW DELHI
_bTMH
_c2006
300 _aIX;241
500 _aQuantity Number: 2
650 _aElectrical
942 _cBK
999 _c37217
_d37217